00862 a2200181 45000010006000000050017000060080041000230030015000640400040000790800034001192450068001530200022002212640033002433000023002765050343002990410008006421000030006506174020260407155908.0260407a1985 arg spa dAR-UNSa-BCEJYS aAR-UNSa-BCEJYSbspacAR-UNSa-BCEJYS a347.749xTarjeta de Crédito10aTarjeta de créditopRégimen legal. Doctrina. Jurisprudencia a978-950-508-155-4 1aBuenos Aires :bAstreac1985 axv, 198 p.c23 cm. a1. Evolución histórica y clasificación - 2. Definición. Elementos. Caracteres. Ventajas e inconvenientes - 3. Naturaleza jurídica - 4. Régimen legal - 5. La forma, el contrato por adhesión y su interpretación - 6. Ejecución del cobro. Su tratamiento jurisprudencial. Aspectos penales. Prescripción - 7. Conclusiones -  aspa1 aMuguillo, Roberto Alfredo